Curso de ordenación del territorio: restauración de suelos en minería a cielo abierto ordenación de zonas de montañas
Guardat en:
| Autor principal: | |
|---|---|
| Format: | Llibre |
| Idioma: | espanyol |
| Publicat: |
Barcelona
Universitat Politécnica de Catalunya
1984
|
| Matèries: | |
| Etiquetes: |
Afegir etiqueta
Sense etiquetes, Sigues el primer a etiquetar aquest registre!
|
MARC
| LEADER | 00000nam a2200000 a 4500 | ||
|---|---|---|---|
| 001 | UCI5483 | ||
| 003 | CL-VaPUC | ||
| 008 | 080328e19840000SP |||||||||||||||||spa|d | ||
| 020 | |a 8439832389 | ||
| 082 | 0 | 4 | |a 631.4 |b POR |2 21 |
| 100 | 0 | |a Porta Casanellas, Jaime |e author |9 527879 | |
| 245 | 1 | 0 | |a Curso de ordenación del territorio: restauración de suelos en minería a cielo abierto ordenación de zonas de montañas |
| 300 | |a 446 p | ||
| 942 | |c BK | ||
| 945 | |d 20080328 00:00:00 |a jtorresc | ||
| 260 | |a Barcelona |b Universitat Politécnica de Catalunya |c 1984 | ||
| 650 | 0 | |a Suelos |9 260322 | |
| 650 | 7 | |a EDAFOLOGIA |2 CL-VaPUC |9 527880 | |
| 650 | 7 | |a CALIDAD DEL SUELO |2 CL-VaPUC |9 527881 | |
| 650 | 0 | |a Agricultura |9 255598 | |
| 650 | 0 | |a Erosión del suelo |9 361524 | |
| 583 | |a last modification |c 20080328 00:00:00 |k Rodrigo Vera | ||
| 999 | |c 329221 |d 329219 | ||
| 952 | |0 0 |1 0 |4 0 |6 631_400000000000000_POR_1984 |7 0 |8 A |9 413590 |a BIBING |b BIBING |d 2019-11-22 |i 4420926 |o 631.4 POR 1984 |p 4420926 |r 2025-01-20 |w 2019-11-22 |y BK |k GEO | ||